[Event "Niedersachsen-ch op B"]
[Site "Verden"]
[Date "2018.01.06"]
[Round "5"]
[White "Flauss, Jessica"]
[Black "Nietsch, Felix"]
[Result "1-0"]
[WhiteElo "1535"]
[BlackElo "1598"]
[PlyCount "35"]
[EventDate "2018.01.04"]
[EventType "swiss"]
[EventRounds "7"]
[EventCountry "GER"]
[SourceTitle "EXT 2022"]
[Source "ChessBase"]
[SourceDate "2021.10.06"]
[SourceVersion "1"]
[SourceVersionDate "2021.10.06"]
[SourceQuality "1"]

1. e4 e6 2. d4 d5 3. e5 c5 4. c3 Nc6 5. Nf3 Qb6 6. Be2 Nh6 7. Bxh6 Qxb2 8. Bc1 Qxa1 9. Qc2 cxd4 10. 0-0 dxc3 11. Nxc3 Nb4 12. Qb3 a5 13. Bb5+ Bd7 14. Bxd7+ Kxd7 15. Qa4+ Nc6 16. Qc2 Nb4 17. Qa4+ Kd8 18. Bg5+ 1-0

[Event "Niedersachsen-ch op B"]
[Site "Verden"]
[Date "2018.01.05"]
[Round "3"]
[White "Rudi, Jonathan"]
[Black "Nietsch, Felix"]
[Result "1-0"]
[WhiteElo "1394"]
[BlackElo "1598"]
[PlyCount "73"]
[EventDate "2018.01.04"]
[EventType "swiss"]
[EventRounds "7"]
[EventCountry "GER"]
[SourceTitle "EXT 2022"]
[Source "ChessBase"]
[SourceDate "2021.10.06"]
[SourceVersion "1"]
[SourceVersionDate "2021.10.06"]
[SourceQuality "1"]

1. e4 e6 2. d4 d5 3. Nd2 dxe4 4. Nxe4 Nd7 5. Nf3 Ngf6 6. Nxf6+ Nxf6 7. c3 c5 8. Bf4 Qb6 9. Qc2 Bd7 10. Bd3 Rc8 11. dxc5 Bxc5 12. 0-0 h6 13. c4 Bc6 14. Ne5 Bd4 15. Nxc6 Rxc6 16. Rab1 Nd5 17. Bd2 Nb4 18. Bxb4 Qxb4 19. a3 Qa5 20. Qc1 Qd8 21. Qc2 b5 22. Qb3 bxc4 23. Bxc4 0-0 24. Qa2 Qc7 25. Bd3 Rd8 26. Be4 Rc4 27. Bf3 Rc2 28. Qb3 Rb8 29. Qd3 Rcxb2 30. Rbc1 Qb6 31. Be4 Rxf2 32. Rxf2 Bxf2+ 33. Kf1 Qe3 34. Qc4 Bh4 35. Qc8+ Bd8 36. Qc6 Qb6 37. Qe8# 1-0

[Event "Hannover Bezirk-ch B"]
[Site "Lehrte"]
[Date "2017.10.30"]
[Round "6.6"]
[White "Bulmahn, Aaron Aime"]
[Black "Nietsch, Felix"]
[Result "1-0"]
[WhiteElo "1645"]
[BlackElo "1576"]
[PlyCount "51"]
[EventDate "2017.10.28"]
[EventType "swiss"]
[EventRounds "7"]
[EventCountry "GER"]
[SourceTitle "EXT 2022"]
[Source "ChessBase"]
[SourceDate "2021.10.06"]
[SourceVersion "1"]
[SourceVersionDate "2021.10.06"]
[SourceQuality "1"]

1. e4 e6 2. d4 d5 3. exd5 exd5 4. Nf3 Bf5 5. Bf4 Bd6 6. Bxd6 Qxd6 7. h3 Qb4+ 8. Nc3 Qxb2 9. Nxd5 Bxc2 10. Qc1 Qxc1+ 11. Rxc1 c6 12. Rxc2 cxd5 13. Bb5+ Nd7 14. Ne5 Ngf6 15. Rc7 Rd8 16. Rxb7 Ke7 17. Bxd7 Nxd7 18. Nc6+ Kd6 19. Nxd8 Rxd8 20. 0-0 Ra8 21. Rc1 Ke6 22. Rc6+ Ke7 23. Rcc7 Rd8 24. Rxa7 Kd6 25. Rc1 Re8 26. Ra6+ 1-0

[Event "Niedersachsen-ch op-C"]
[Site "Verden"]
[Date "2017.01.06"]
[Round "4"]
[White "Helmer, Andreas"]
[Black "Nietsch, Felix"]
[Result "0-1"]
[WhiteElo "1644"]
[BlackElo "1549"]
[PlyCount "150"]
[EventDate "2017.01.05"]
[EventType "swiss"]
[EventRounds "7"]
[EventCountry "GER"]
[SourceTitle "CBM 187 Extra"]
[Source "ChessBase"]
[SourceDate "2018.11.04"]
[SourceVersion "1"]
[SourceVersionDate "2018.11.04"]
[SourceQuality "1"]

1. d4 d5 2. Nf3 e6 3. e3 c6 4. Bd3 Bd6 5. b3 Nf6 6. Bb2 0-0 7. Nbd2 Nbd7 8. Ne5 c5 9. f4 Qc7 10. Ndf3 cxd4 11. Bxd4 Bb4+ 12. Nd2 Bc3 13. Bxc3 Qxc3 14. Nef3 Nc5 15. Ke2 Nxd3 16. cxd3 Bd7 17. Rc1 Qa5 18. Qc2 Rac8 19. Qb1 Bb5 20. Kf2 Ng4+ 21. Ke2 Qb6 22. Nd4 e5 23. Rxc8 Rxc8 24. Rc1 Rxc1 25. Qxc1 g6 26. Qc8+ Kg7 27. Qxg4 exd4 28. Qf3 Qc5 29. exd4 Qxd4 30. Qe3 Qxe3+ 31. Kxe3 Kf6 32. g4 h6 33. Nf3 Bd7 34. h3 b6 35. Kd4 Ke6 36. a4 a5 37. Ne5 Be8 38. Nf3 Kd6 39. Nh4 b5 40. axb5 Bxb5 41. g5 hxg5 42. fxg5 Bd7 43. Nf3 Bxh3 44. Ne5 Be6 45. Nf3 Bd7 46. Ne5 Be8 47. Nf3 a4 48. bxa4 Bxa4 49. Ne5 Ke6 50. Nf3 Bb3 51. Kc3 Bd1 52. Nh4 Ke5 53. Kd2 Bg4 54. Kc3 Kf4 55. Ng2+ Kxg5 56. Ne3 Be6 57. Kd4 Kf6 58. Nf1 g5 59. Ng3 g4 60. Ke3 Kg5 61. d4 f5 62. Ne2 Bd7 63. Nf4 Bc6 64. Ng2 Bb5 65. Nf4 Bc4 66. Ng2 Bb3 67. Nf4 Ba2 68. Ne6+ Kh4 69. Kf4 Bb1 70. Ng5 Be4 71. Ne6 g3 72. Ke3 Kh3 73. Nf4+ Kh2 74. Ne2 g2 75. Kf2 f4 0-1

[Event "Niedersachsen-ch op-C"]
[Site "Verden"]
[Date "2017.01.05"]
[Round "1"]
[White "Sturm, Hubert"]
[Black "Nietsch, Felix"]
[Result "1/2-1/2"]
[WhiteElo "1678"]
[BlackElo "1549"]
[PlyCount "27"]
[EventDate "2017.01.05"]
[EventType "swiss"]
[EventRounds "7"]
[EventCountry "GER"]
[SourceTitle "CBM 187 Extra"]
[Source "ChessBase"]
[SourceDate "2018.11.04"]
[SourceVersion "1"]
[SourceVersionDate "2018.11.04"]
[SourceQuality "1"]

1. e4 e6 2. d4 d5 3. e5 c5 4. c3 Nc6 5. Nf3 Qb6 6. a4 a6 7. Be2 Nh6 8. Bxh6 Qxb2 9. Ra3 gxh6 10. Rb3 Qa2 11. Ra3 Qb2 12. Rb3 Qa2 13. Ra3 Qb2 14. Rb3 1/2-1/2

[Event "Hannover-chB"]
[Site "Lehrte"]
[Date "2016.10.02"]
[Round "3"]
[White "Kieselbach, Petra"]
[Black "Nietsch, Felix"]
[Result "1/2-1/2"]
[WhiteElo "1602"]
[BlackElo "1549"]
[PlyCount "111"]
[EventDate "2016.10.01"]
[EventType "swiss"]
[EventRounds "7"]
[EventCountry "GER"]
[SourceTitle "EXT 2020"]
[Source "ChessBase"]
[SourceDate "2019.10.17"]
[SourceVersion "1"]
[SourceVersionDate "2019.10.17"]
[SourceQuality "1"]

1. d4 d5 2. c4 e6 3. e3 Nf6 4. Nc3 Nbd7 5. Nf3 Be7 6. Bd3 0-0 7. 0-0 c5 8. cxd5 Nxd5 9. Nxd5 exd5 10. Qc2 h6 11. dxc5 Nxc5 12. Be2 Qb6 13. b3 Bf6 14. Bb2 Bxb2 15. Qxb2 Bf5 16. Qd4 Rac8 17. Qxd5 Be4 18. Qh5 Rfd8 19. Bc4 Ne6 20. Rfd1 Rc5 21. Rxd8+ Qxd8 22. Qg4 Bf5 23. Qh4 Qxh4 24. Nxh4 Bh7 25. f4 b5 26. Bxe6 fxe6 27. Rd1 Rc2 28. Rd8+ Kf7 29. Rd7+ Kf6 30. Rxa7 Be4 31. Nf3 Re2 32. Nd4 Rxg2+ 33. Kf1 Rxh2 34. Nxb5 Bd3+ 35. Kg1 Re2 36. Nc7 Bg6 37. Ra6 Bf5 38. a4 h5 39. Ne8+ Kf7 40. Nd6+ Kf6 41. Nxf5 Kxf5 42. Ra5+ Kg4 43. Rg5+ Kh4 44. Re5 Kg3 45. Kf1 Rf2+ 46. Ke1 h4 47. Rg5+ Kf3 48. Rh5 Kg3 49. Rxh4 Rf3 50. Rh5 Rxe3+ 51. Kd2 Rxb3 52. Rg5+ Kxf4 53. Rxg7 Ra3 54. Rh7 Ke5 55. a5 Kd6 56. Ra7 1/2-1/2

[Event "Hannover-chB"]
[Site "Lehrte"]
[Date "2016.10.01"]
[Round "1"]
[White "Nietsch, Felix"]
[Black "Mesic, Reuf"]
[Result "0-1"]
[WhiteElo "1549"]
[BlackElo "1643"]
[PlyCount "144"]
[EventDate "2016.10.01"]
[EventType "swiss"]
[EventRounds "7"]
[EventCountry "GER"]
[SourceTitle "EXT 2020"]
[Source "ChessBase"]
[SourceDate "2019.10.17"]
[SourceVersion "1"]
[SourceVersionDate "2019.10.17"]
[SourceQuality "1"]

1. d4 Nf6 2. Bg5 d5 3. c4 e6 4. Nf3 h6 5. Bh4 Be7 6. Nc3 a6 7. e3 Nbd7 8. cxd5 Nxd5 9. Bxe7 Qxe7 10. Bd3 Qb4 11. Qd2 Nxc3 12. bxc3 Qd6 13. 0-0 b6 14. e4 Bb7 15. a4 g5 16. a5 b5 17. Qe3 g4 18. Nh4 Qe7 19. Qg3 0-0-0 20. c4 Nf6 21. cxb5 axb5 22. a6 Ba8 23. Bxb5 Nxe4 24. Qxg4 Rhg8 25. Qf4 Nd6 26. Be2 Qxh4 27. Qxh4 Rxg2+ 28. Kh1 Rg4+ 29. f3 Rxh4 30. a7 Rxd4 31. Rfb1 Rd2 32. Rb8+ Kd7 33. Bf1 Bxf3+ 34. Kg1 Ba8 35. Rab1 Ra2 36. Rxd8+ Kxd8 37. Rb8+ Nc8 38. Rxa8 Rxa7 39. Rb8 Kd7 40. Bb5+ c6 41. Bxc6+ Kxc6 42. Rxc8+ Kd6 43. Rh8 Ke5 44. Rxh6 f5 45. Kf2 Ra3 46. h4 f4 47. h5 Kf5 48. Ke2 e5 49. Rh8 Ra2+ 50. Kf1 Kg4 51. h6 Rh2 52. h7 Kf3 53. Kg1 Rh5 54. Re8 Rxh7 55. Rxe5 Rg7+ 56. Kf1 Ra7 57. Re1 Ra2 58. Rb1 Kg3 59. Rb3+ f3 60. Ke1 Ra1+ 61. Kd2 Kg2 62. Rb8 Kf2 63. Rg8 Ra7 64. Rg6 Rd7+ 65. Kc2 Rd5 66. Rg8 Kf1 67. Kc1 f2 68. Kc2 Ke2 69. Re8+ Kf3 70. Kc3 f1Q 71. Rf8+ Ke2 72. Re8+ Kd1 0-1

[Event "Niedersachsen-ch op-C"]
[Site "Verden"]
[Date "2016.01.04"]
[Round "3"]
[White "Nietsch, Felix"]
[Black "Maul, Maik Joel"]
[Result "1-0"]
[WhiteElo "1315"]
[BlackElo "1378"]
[PlyCount "67"]
[EventDate "2016.01.03"]
[EventType "swiss"]
[EventRounds "7"]
[EventCountry "GER"]
[SourceTitle "EXT 2018"]
[Source "ChessBase"]
[SourceDate "2017.10.13"]
[SourceVersion "1"]
[SourceVersionDate "2017.10.13"]
[SourceQuality "1"]

1. d4 d5 2. c4 e6 3. Nc3 Nc6 4. Bf4 Bd6 5. Bxd6 Qxd6 6. Nf3 Nf6 7. e3 Bd7 8. Nb5 Qb4+ 9. Qd2 Qxd2+ 10. Nxd2 Rc8 11. Be2 e5 12. 0-0 0-0 13. dxe5 Nxe5 14. cxd5 Bxb5 15. Bxb5 Nxd5 16. Rac1 c6 17. Be2 Rcd8 18. Rfd1 Rd7 19. Nb3 Rfd8 20. Nc5 Rc7 21. e4 b6 22. Nb3 Rcd7 23. exd5 cxd5 24. Nd4 Nc4 25. b3 Ne5 26. Rc2 Re7 27. f4 Ng6 28. Nc6 Rc7 29. Rdc1 Rdc8 30. Ne7+ Nxe7 31. Rxc7 Re8 32. Bb5 Rd8 33. Rxe7 d4 34. Rd1 1-0

[Event "Niedersachsen-ch op-C"]
[Site "Verden"]
[Date "2016.01.03"]
[Round "1"]
[White "Nietsch, Felix"]
[Black "Rast, Matthias"]
[Result "1/2-1/2"]
[WhiteElo "1315"]
[BlackElo "1191"]
[PlyCount "68"]
[EventDate "2016.01.03"]
[EventType "swiss"]
[EventRounds "7"]
[EventCountry "GER"]
[SourceTitle "EXT 2018"]
[Source "ChessBase"]
[SourceDate "2017.10.13"]
[SourceVersion "1"]
[SourceVersionDate "2017.10.13"]
[SourceQuality "1"]

1. d4 d5 2. c4 c6 3. Bf4 Nf6 4. Nf3 Nbd7 5. Nc3 e6 6. e3 Nh5 7. Bg3 Nxg3 8. hxg3 Nf6 9. cxd5 cxd5 10. Bd3 h6 11. 0-0 Bd6 12. Qb3 0-0 13. Nb5 Be7 14. Rfc1 a6 15. Nc3 Bd6 16. Na4 b5 17. Nc5 Qe7 18. a4 Bxc5 19. Rxc5 bxa4 20. Rxa4 Nd7 21. Rc7 Qd6 22. Qc3 Nf6 23. Rc6 Qd7 24. Bxa6 Bxa6 25. Rcxa6 Qxa4 26. Rxa4 Rxa4 27. Ne5 Rb8 28. Qc7 Rf8 29. Qb7 Ra1+ 30. Kh2 Ne4 31. f3 Nf2 32. g4 Rb1 33. Kg3 Nd1 34. Qb3 Rc8 1/2-1/2

[Event "Niedersachsen-ch op-B"]
[Site "Verden"]
[Date "2015.01.05"]
[Round "7"]
[White "Nietsch, Felix"]
[Black "Bischoff, Norbert"]
[Result "1/2-1/2"]
[WhiteElo "1212"]
[BlackElo "1604"]
[PlyCount "47"]
[EventDate "2015.01.02"]
[EventType "swiss"]
[EventRounds "7"]
[EventCountry "GER"]
[SourceTitle "EXT 2018"]
[Source "ChessBase"]
[SourceDate "2017.10.13"]
[SourceVersion "1"]
[SourceVersionDate "2017.10.13"]
[SourceQuality "1"]

1. d4 Nf6 2. c4 e5 3. dxe5 Ng4 4. Qd4 d6 5. exd6 Nc6 6. Qe4+ Be6 7. dxc7 Qd1+ 8. Kxd1 Nxf2+ 9. Ke1 Nxe4 10. b3 Nb4 11. Na3 Bd6 12. Bb2 0-0 13. g3 Bxc7 14. Bg2 f5 15. Nf3 Rad8 16. Be5 Bb6 17. Bf4 h6 18. h4 Bf2+ 19. Kf1 Bxg3 20. Be3 Bb8 21. Bf2 Rd7 22. Bh3 Bg3 23. Bxa7 Bc7 24. Bf2 1/2-1/2

[Event "Hannover-ch U18"]
[Site "Lehrte"]
[Date "2014.10.27"]
[Round "6"]
[White "Nietsch, Felix"]
[Black "Schilling, Ramon"]
[Result "1-0"]
[WhiteElo "1228"]
[BlackElo "841"]
[PlyCount "119"]
[EventDate "2014.10.25"]
[EventType "tourn"]
[EventRounds "7"]
[EventCountry "GER"]
[SourceTitle "EXT 2021"]
[Source "ChessBase"]
[SourceDate "2020.10.23"]
[SourceVersion "1"]
[SourceVersionDate "2020.10.23"]
[SourceQuality "1"]

1. d4 d5 2. c4 Nf6 3. Nc3 e6 4. Nf3 dxc4 5. a4 Bb4 6. e3 Nc6 7. Bxc4 0-0 8. Bd2 Nd5 9. 0-0 f6 10. Qc2 Bxc3 11. Bxc3 e5 12. dxe5 fxe5 13. Bxe5 Nxe5 14. Nxe5 Re8 15. Bxd5+ Qxd5 16. Nf3 c6 17. Rfd1 Qf5 18. Qc4+ Be6 19. Qh4 Bd5 20. Nd4 Qg6 21. g3 Qe4 22. Qxe4 Bxe4 23. f3 Bg6 24. Kf2 Rad8 25. b4 a6 26. b5 c5 27. Nb3 Rxd1 28. Rxd1 Bc2 29. Rd7 Bxb3 30. Rxb7 Bxa4 31. bxa6 Bc6 32. Rc7 Ba8 33. a7 h5 34. Rxc5 Re7 35. Rc8+ Kh7 36. Rxa8 g6 37. Rh8+ Kxh8 38. a8Q+ Kg7 39. Qd5 Kh6 40. h4 Rg7 41. g4 hxg4 42. fxg4 g5 43. h5 Kh7 44. Qf5+ Kh6 45. Qf6+ Kh7 46. Qxg7+ Kxg7 47. Kf3 Kf6 48. Ke4 Ke6 49. h6 Kf7 50. Kf5 Kg8 51. Kxg5 Kf7 52. Kf5 Kg8 53. g5 Kh7 54. e4 Kg8 55. g6 Kh8 56. e5 Kg8 57. e6 Kf8 58. Kf6 Kg8 59. e7 Kh8 60. e8R# 1-0

[Event "Hannover-ch U18"]
[Site "Lehrte"]
[Date "2014.10.25"]
[Round "2"]
[White "Renzelmann, Jannis"]
[Black "Nietsch, Felix"]
[Result "1-0"]
[WhiteElo "1507"]
[BlackElo "1228"]
[PlyCount "133"]
[EventDate "2014.10.25"]
[EventType "tourn"]
[EventRounds "7"]
[EventCountry "GER"]
[SourceTitle "EXT 2021"]
[Source "ChessBase"]
[SourceDate "2020.10.23"]
[SourceVersion "1"]
[SourceVersionDate "2020.10.23"]
[SourceQuality "1"]

1. e4 e6 2. d4 d5 3. exd5 exd5 4. Nf3 Bd6 5. Bd3 Nf6 6. 0-0 0-0 7. Nbd2 Bg4 8. c3 c6 9. Qc2 Qc7 10. h3 Bh5 11. Re1 Nbd7 12. Ng5 Bg6 13. Bxg6 hxg6 14. Ngf3 Rfe8 15. Nf1 Rxe1 16. Nxe1 Re8 17. Be3 Bf4 18. Bxf4 Qxf4 19. Nd3 Qh4 20. Nh2 Qh5 21. Nf3 Nb6 22. b3 Kf8 23. a4 g5 24. Nc5 g4 25. hxg4 Qxg4 26. Ne5 Qc8 27. Qd2 Nbd7 28. Ncxd7+ Nxd7 29. Nxd7+ Qxd7 30. Kf1 f6 31. c4 dxc4 32. bxc4 Rd8 33. Rd1 c5 34. d5 Qxa4 35. Qd3 Kf7 36. Re1 b6 37. d6 Qd7 38. Qd5+ Kf8 39. Re7 Qxe7 40. dxe7+ Kxe7 41. Qe4+ Kd6 42. g3 Rd7 43. Kg2 Re7 44. Qd5+ Kc7 45. Qa8 Kd6 46. Qb8+ Ke6 47. g4 Rd7 48. Qe8+ Re7 49. Qc6+ Kf7 50. Kg3 g5 51. Qd5+ Kg7 52. Qd3 Kf7 53. f4 gxf4+ 54. Kxf4 Kg7 55. Qd6 Kf7 56. Kf3 Kf8 57. Kf4 Kf7 58. Kg3 Ke8 59. Qxf6 Rf7 60. Qg6 Kf8 61. g5 Rg7 62. Qh6 Kg8 63. Kg4 Kf7 64. Qf6+ Kg8 65. g6 Rb7 66. Kg5 Rg7 67. Qd8# 1-0

[Event "Niedersachsen-ch op-B"]
[Site "Verden"]
[Date "2014.01.05"]
[Round "7"]
[White "Gawollek, Hans"]
[Black "Nietsch, Felix"]
[Result "1/2-1/2"]
[WhiteElo "1430"]
[BlackElo "960"]
[PlyCount "66"]
[EventDate "2014.01.02"]
[EventType "swiss"]
[EventRounds "7"]
[EventCountry "GER"]
[SourceTitle "EXT 2016"]
[Source "ChessBase"]
[SourceDate "2015.10.08"]
[SourceVersion "1"]
[SourceVersionDate "2015.10.08"]
[SourceQuality "1"]

1. d4 d5 2. e3 c6 3. c4 e6 4. Nc3 Bd6 5. Nf3 Nf6 6. c5 Bc7 7. Bd3 0-0 8. 0-0 Re8 9. h3 Nbd7 10. b4 e5 11. dxe5 Bxe5 12. Bb2 Ne4 13. Nxe5 Nxe5 14. Bxe4 dxe4 15. Qxd8 Rxd8 16. Nxe4 Nc4 17. Bd4 f6 18. Rac1 Bf5 19. Nxf6+ gxf6 20. Rxc4 Bd3 21. Rcc1 Bxf1 22. Rxf1 Kf7 23. g4 a5 24. a3 Rg8 25. Kh2 axb4 26. axb4 h6 27. Kg3 Ra4 28. Rb1 Ke6 29. Kf4 Ra2 30. e4 Rd2 31. Be3 Rd7 32. b5 cxb5 33. Rxb5 Rc8 1/2-1/2

[Event "Hannover-ch U16"]
[Site "Lehrte"]
[Date "2013.10.18"]
[Round "4"]
[White "Mai, Julian Paul"]
[Black "Nietsch, Felix"]
[Result "1/2-1/2"]
[WhiteElo "958"]
[BlackElo "977"]
[PlyCount "54"]
[EventDate "2013.10.17"]
[EventType "swiss"]
[EventRounds "7"]
[EventCountry "GER"]
[SourceTitle "EXT 2021"]
[Source "ChessBase"]
[SourceDate "2020.10.23"]
[SourceVersion "1"]
[SourceVersionDate "2020.10.23"]
[SourceQuality "1"]

1. d4 d5 2. c4 c6 3. Nc3 e6 4. e4 Bb4 5. cxd5 exd5 6. Bd3 Nf6 7. Bg5 h6 8. Bxf6 Qxf6 9. Nf3 Bg4 10. Bc2 dxe4 11. Bxe4 0-0 12. 0-0 Bxc3 13. bxc3 Re8 14. Re1 Nd7 15. h3 Bf5 16. Qd3 Bxe4 17. Rxe4 Qd6 18. Rae1 Rxe4 19. Rxe4 Nf6 20. Re2 c5 21. Qc4 cxd4 22. Qxd4 Qa6 23. Rd2 Re8 24. Qd3 Qa3 25. Rc2 b6 26. Qd2 Ne4 27. Qe2 Nf6 1/2-1/2

[Event "Hannover-ch U16"]
[Site "Lehrte"]
[Date "2013.10.18"]
[Round "3"]
[White "Nietsch, Felix"]
[Black "Schilling, Ramon"]
[Result "1-0"]
[WhiteElo "977"]
[BlackElo "820"]
[PlyCount "111"]
[EventDate "2013.10.17"]
[EventType "swiss"]
[EventRounds "7"]
[EventCountry "GER"]
[SourceTitle "EXT 2021"]
[Source "ChessBase"]
[SourceDate "2020.10.23"]
[SourceVersion "1"]
[SourceVersionDate "2020.10.23"]
[SourceQuality "1"]

1. d4 d5 2. c4 c5 3. dxc5 Nf6 4. Bf4 e6 5. e3 Bxc5 6. Nf3 0-0 7. Nc3 dxc4 8. Bxc4 Qxd1+ 9. Rxd1 Nc6 10. 0-0 Bd7 11. Bg5 Rad8 12. Bxf6 gxf6 13. Ne4 Kg7 14. Nxc5 Bc8 15. Nb3 b6 16. Nbd4 Nxd4 17. Nxd4 e5 18. Nc6 Rxd1 19. Rxd1 e4 20. Nxa7 Bg4 21. Rd6 f5 22. h3 Bh5 23. Rxb6 Rd8 24. Nc6 Rd6 25. Ra6 f6 26. Ne7 Rxa6 27. Bxa6 Kf8 28. Nxf5 Bg6 29. Nd4 Ke7 30. Kf1 Kd6 31. Ke2 f5 32. Bc8 Kc7 33. Bxf5 Bh5+ 34. g4 Bg6 35. Bxg6 hxg6 36. Kd2 g5 37. Ne6+ Kc6 38. Nxg5 Kb5 39. Nxe4 Kc4 40. h4 Kd5 41. f3 Ke5 42. h5 Ke6 43. h6 Kf7 44. g5 Kg8 45. g6 Kf8 46. h7 Kg7 47. f4 Kh8 48. f5 Kg7 49. f6+ Kh8 50. f7 Kg7 51. f8Q+ Kxf8 52. h8Q+ Ke7 53. Qf6+ Ke8 54. g7 Kd7 55. g8Q Kc7 56. Qd6+ 1-0

[Event "Hannover-ch U16"]
[Site "Lehrte"]
[Date "2013.10.17"]
[Round "2"]
[White "Maurer, Dominik"]
[Black "Nietsch, Felix"]
[Result "0-1"]
[WhiteElo "827"]
[BlackElo "977"]
[PlyCount "100"]
[EventDate "2013.10.17"]
[EventType "swiss"]
[EventRounds "7"]
[EventCountry "GER"]
[SourceTitle "EXT 2021"]
[Source "ChessBase"]
[SourceDate "2020.10.23"]
[SourceVersion "1"]
[SourceVersionDate "2020.10.23"]
[SourceQuality "1"]

1. e4 e6 2. d4 d5 3. e5 c5 4. c3 Nc6 5. Nf3 Qb6 6. Be3 Qxb2 7. Nbd2 Qxc3 8. Rc1 Qa5 9. a4 cxd4 10. Nxd4 Nxd4 11. Bxd4 Bd7 12. Ra1 Bb4 13. Be3 Ne7 14. Bd3 Ng6 15. f4 Bc5 16. Bxg6 hxg6 17. Bxc5 Qxc5 18. Rc1 Qe3+ 19. Qe2 Qxe2+ 20. Kxe2 Bxa4 21. Ra1 Bc6 22. Nb3 Ke7 23. Nd4 f6 24. exf6+ gxf6 25. Rae1 a5 26. Kd3 Bd7 27. Kc3 b5 28. Kb3 Rhc8 29. Ra1 Rc4 30. Nc2 Rxf4 31. g3 Rf2 32. Ra2 e5 33. Ne3 Rxa2 34. Kxa2 Ke6 35. Rd1 d4 36. Nc2 Rc8 37. Rd2 Kd6 38. Ka3 b4+ 39. Kb3 Rc3+ 40. Kb2 Kc5 41. Ka2 b3+ 42. Kb2 bxc2 43. Rxc2 Rxc2+ 44. Kxc2 Kc4 45. g4 a4 46. h4 a3 47. Kb1 Kb3 48. Ka1 d3 49. g5 a2 50. h5 d2 0-1

[Event "Hannover-ch U16"]
[Site "Lehrte"]
[Date "2013.10.17"]
[Round "1"]
[White "Nietsch, Felix"]
[Black "Weiss, Andreas1111"]
[Result "0-1"]
[WhiteElo "977"]
[BlackElo "1543"]
[PlyCount "104"]
[EventDate "2013.10.17"]
[EventType "swiss"]
[EventRounds "7"]
[EventCountry "GER"]
[SourceTitle "EXT 2021"]
[Source "ChessBase"]
[SourceDate "2020.10.23"]
[SourceVersion "1"]
[SourceVersionDate "2020.10.23"]
[SourceQuality "1"]

1. d4 d5 2. c4 c6 3. Nc3 Nf6 4. Bg5 Nbd7 5. e3 e6 6. Bd3 Be7 7. Nf3 b6 8. Qc2 Bb7 9. cxd5 Nxd5 10. Nxd5 cxd5 11. Bxe7 Qxe7 12. Bxh7 Rc8 13. Qb1 Qb4+ 14. Nd2 Ba6 15. Bd3 Bxd3 16. Qxd3 Qxb2 17. 0-0 Rc3 18. Rfb1 Qxa1 19. Qa6 Qxb1+ 20. Nxb1 Rc1+ 21. Qf1 Rxf1+ 22. Kxf1 Rxh2 23. Nd2 Rh1+ 24. Ke2 Ra1 25. Kd3 Rxa2 26. g4 Rxd2+ 27. Kxd2 a5 28. Kc3 b5 29. f4 Nf6 30. g5 Ne4+ 31. Kb3 Kd7 32. Ka3 b4+ 33. Kb3 Nd2+ 34. Kb2 Nf1 35. e4 dxe4 36. f5 exf5 37. d5 a4 38. g6 fxg6 39. d6 Kxd6 40. Ka2 g5 41. Kb2 f4 42. Ka2 e3 43. Kb2 g4 44. Kc2 g3 45. Kb2 g2 46. Kc2 g1R 47. Kb1 e2 48. Kc2 e1Q 49. Kd3 Rg5 50. Kc2 Qe2+ 51. Kc1 Rd5 52. Kb1 Rd1# 0-1